| 000 | 00717 a2200205 4500 | ||
|---|---|---|---|
| 003 | NUST | ||
| 005 | 20221128125751.0 | ||
| 010 | _a 72007329 | ||
| 020 | _a0070219389 | ||
| 040 | _cNust | ||
| 082 | 0 | 0 | _a530,FRE |
| 100 | 1 |
_aFreeman, Ira Maximilian _9103674 |
|
| 245 | 1 | 0 |
_aPhysics; principles and insights / _c Ira M. Freeman. |
| 250 | _a2nd ed. | ||
| 260 |
_aNew York, _bMcGraw-Hill _c[1973] |
||
| 300 |
_aix, 656 p.: _billus. _c25 cm. |
||
| 505 | _aPart-1: Space , Matter, and Motion (Page-3), Part-2: Dynamics and Energy (Page-119), Part-3: Wave Phenomena (Page-277), Part-4: Electricity (Page-371), Part-5: The Fundamental Structure of Matter (Page-495). | ||
| 650 | 0 | _aPhysics. | |
| 942 |
_2ddc _cBK _k530,FRE |
||
| 999 |
_c181466 _d181466 |
||